01189nam a2200265 a 450000100060000000300080000600500170001400800410003103500190007204000350009104100080012608200260013410000300016024501980019026000900038830000410047850200900051950400320060965000190064170000390066070000470069994200130074699900170075995201470077680814BD-RjUL20231018130404.0221121s2012 bg a|||| m||| 00| 0 eng d a(BD-RjUL)80814 aBD-RjULbengcBD-RjULdBD-RjUL aeng 223a635.642bSAM 2012 aSARKER, JUGOL KUMAR9593810aMUTAGENIC EFFICIENCY AND EFFECTIVENESS OF TWO FRUIT RIPENING CHEMICALS TOMATO (Lycopersicon esculentum Mill.) /cJUGOL KUMAR SARKER ;6Supervisor : Golam Kabir Co-Supervisor : Md. MoslehUd-Deen aRajshahi :bDepartment of Crop Science and Technology, University of Rajshahi,c2012. a[9], vi, 195 leaves :bill.;c29 cm. aThesis(Ph.D.)-- Department of Crop Science and Technology,University of Rajshahi,2012 aReferences : Leaves 182-195 aTomatoes95939 aKabir, Golam, Supervisor 93775 aUd-Deen, Md. Mosleh, Co-Supervisor 95940 2ddccTHE c80814d80814 102ddc40718THESESaRUCLbRUCLcDoc/Thed2013-10-12eController of Exam. R.U.l0oTHE 635.642 SAM 2012pD3502r2022-11-21 00:00:00tC-1yTHE